| 000 | 00766nam-a2200193-a-4500 | ||
|---|---|---|---|
| 001 | YSU0087492 | ||
| 003 | AM-YEHGA | ||
| 005 | 20250617160750.0 | ||
| 008 | 950906s1961 xxu 000 0 rus u | ||
| 040 | _aAM-YeHGA | ||
| 100 | 1 | 0 | _aБоженко, В.С. |
| 245 | 1 | 0 |
_aКинематика : _bУчебное пособие (для студентов факультетов лесомеханического, лесоинженерного и механической технологии древесины) / _cВ.С. Боженко |
| 260 | 0 |
_aЛ. : _bБ. и. , _c1961. |
|
| 300 | _a92 с. | ||
| 550 | _aВсесоюзный заочный лесотехнический ин-т | ||
| 650 | 4 | _aКинематика | |
| 942 |
_2udc _cBK |
||
| 090 | _c463089 | ||
| 999 |
_c460016 _d460016 |
||